মীনহাজ-ই-সিরাজ তবকাত-ই-নাসিরী / (Record no. 4629)
[ view plain ]
| 000 -LEADER | |
|---|---|
| fixed length control field | 00887nam a2200241 a 4500 |
| 001 - CONTROL NUMBER | |
| JCCL Control Number | 4629 |
| 003 - CONTROL NUMBER IDENTIFIER | |
| JCCL marc code | BD-JhCC |
| 005 - DATE AND TIME OF LATEST TRANSACTION | |
| control field | 20171129104440.0 |
| 008 - FIXED-LENGTH DATA ELEMENTS--GENERAL INFORMATION | |
| fixed length control field | 171129s1983 b ||||| |||| 00| 0 b d |
| 035 ## - SYSTEM CONTROL NUMBER | |
| system control number | (BD-JhCC) |
| 040 ## - CATALOGING SOURCE | |
| Original cataloging agency | BD-JhCC |
| Modifying agency | BD-JhCC |
| 041 ## - LANGUAGE CODE | |
| Language code of Book | ben |
| 082 ## - DEWEY DECIMAL CLASSIFICATION NUMBER | |
| Classification number | 954.1403 |
| Author mark and Year | JAK 1983 |
| 100 ## - MAIN ENTRY--PERSONAL NAME | |
| Personal name | যাকারিয়া, কালাম, মোহান্মদ, আবুল |
| 245 ## - TITLE STATEMENT | |
| Title | মীনহাজ-ই-সিরাজ তবকাত-ই-নাসিরী / |
| Statement of responsibility, etc | আবুল কালাম মোহান্মদ যাকারিয়া |
| 260 ## - PUBLICATION, DISTRIBUTION, ETC. (IMPRINT) | |
| Place of publication, distribution, etc | ঢাকা : |
| Name of publisher, distributor, etc | বংলা একাডেমী, |
| Date of publication, distribution, etc | ১৯৮৩ |
| 300 ## - PHYSICAL DESCRIPTION | |
| Pagination | 358 p. : |
| Dimensions | 22cm. |
| 650 ## - SUBJECT ADDED ENTRY--TOPICAL TERM | |
| Topical term or geographic name as entry element | Muslims |
| Geographic subdivision | Bengal |
| 700 ## - ADDED ENTRY--PERSONAL NAME | |
| Personal name | এ. এফ. এম. সাইয়ীদ |
| 700 ## - ADDED ENTRY--PERSONAL NAME | |
| Personal name | আহমেদ, উদ্দীন, রফিক |
| 942 ## - ADDED ENTRY ELEMENTS (KOHA) | |
| Source of classification or shelving scheme | Dewey Decimal Classification |
| Koha item type | Books |
| Source of classification or shelving scheme | Damaged status | Not for loan | Home library | Current library | Shelving location | Date of accession | Cost, normal purchase price | Total Checkouts | Full call number | Barcode | Date last seen | Copy number | Koha item type |
|---|---|---|---|---|---|---|---|---|---|---|---|---|---|
| Dewey Decimal Classification | JCC Rouf Library | JCC Rouf Library | General Stacks | 11/29/2017 | 95.00 | 954.1403 JAK 1983 | 6337 | 11/29/2017 | C-1 | Books |